MARC

LEADER 00000nam0a2200000 4500
001 298666
005 20231102001128.0
020 |a RU  |b 83-79329 
035 |a (RuTPU)RU\TPU\book\323809 
090 |a 298666 
100 |a 20150619d1983 k y0rusy5003 ca 
101 0 |a rus 
102 |a RU 
105 |a a z 001zy 
200 1 |a Химическая технология титана  |f В. А. Резниченко [и др.] 
210 |a Москва  |c Наука  |d 1983 
215 |a 246 с.  |c ил. 
320 |a Библиогр.: с. 233-242 
606 1 |a Титан  |x Производство  |2 stltpush  |3 (RuTPU)RU\TPU\subj\72900  |9 86255 
610 1 |a титансодержащее сырье 
610 1 |a титанатные шлаки 
610 1 |a титансодержащие материалы 
610 1 |a искусственные титанаты 
610 1 |a хлорирование 
610 1 |a процессы 
610 1 |a изучение 
610 1 |a титановая губка 
610 1 |a получение 
610 1 |a натриетермический процесс 
610 1 |a электролиз 
610 1 |a металлургия 
610 1 |a металлотермия 
610 1 |a аналитическая химия 
675 |a 669.295  |v 3 
701 1 |a Резниченко  |b В. А.  |g Владлен Александрович 
701 1 |a Устинов  |b В. С.  |g Валентин Семенович 
701 1 |a Карязин  |b И. А.  |g Иринарх Александрович 
701 1 |a Халимов  |b Ф. Б.  |g Фарид Бареевич 
702 1 |a Манохин  |b А. И.  |g Анатолий Иванович  |4 340 
712 0 2 |a Академия наук СССР (АН СССР)  |b Институт металлургии им. А. А. Байкова (ИМЕТ)  |c (Москва)  |2 stltpush  |3 (RuTPU)RU\TPU\col\312 
801 0 |a RU  |b RuMRKP  |c 19950704  |g psbo 
801 1 |a RU  |b 63413507  |c 20150619 
801 2 |a RU  |b 63413507  |c 20160628  |g RCR 
942 |c BK